Missing Word: 6 by 6 II Quiz Stats

 Plays Quiz Updated Nov 15, 2014

Challenge
Share
Tweet
Embed
Score 0/36 Timer 03:00
3 Plays Today
Category Answer % Correct
Primetime Emmy Best Comedy WinnersCity
98.4%
CBS ShowsYour
98.3%
Tom Hanks MoviesCode
98.1%
CBS ShowsBang
98.1%
Tom Hanks MoviesForrest
97.9%
Primetime Emmy Best Comedy WinnersLoves
97.7%
Shakespeare PlaysJuliet
97.7%
CBS ShowsHalf
97.5%
Tom Hanks MoviesPrivate
97.5%
Tom Hanks MoviesExpress
95.1%
Primetime Emmy Best Comedy WinnersDevelopment
93.5%
Tom Hanks MoviesMile
91.9%
NBA TeamsSan
91.2%
Shakespeare PlaysMuch
90.9%
NBA TeamsChicago
89.5%
Shakespeare PlaysJulius
89.4%
Primetime Emmy Best Comedy WinnersRock
89%
Tom Hanks MoviesToy
88.4%
Category Answer % Correct
CBS ShowsEngagement
87.2%
CBS ShowsBroke
87%
Shakespeare PlaysKing
86.9%
Primetime Emmy Best Comedy WinnersModern
85.7%
NBA TeamsHeat
85.3%
CBS ShowsMike
83.1%
Shakespeare PlaysCleopatra
79.2%
Primetime Emmy Best Comedy WinnersWonder
77.8%
NBA TeamsState
77.7%
NBA TeamsNets
61.6%
NBA TeamsOrleans
61%
Rolling Stones AlbumsSticky
45.1%
Shakespeare PlaysTitus
38.6%
Rolling Stones AlbumsSoup
25.2%
Rolling Stones AlbumsBleed
23.6%
Rolling Stones AlbumsExile
20.7%
Rolling Stones AlbumsBanquet
20.1%
Rolling Stones AlbumsGirls
19.2%

Today's Daily Dose

You're not logged in!

Compare scores with friends on all Sporcle quizzes.
Join for Free
OR
Log In

You Might Also Like...

Show Comments

Extras

Top Quizzes Today


Score Distribution

Your Account Isn't Verified!

In order to create a playlist on Sporcle, you need to verify the email address you used during registration. Go to your Sporcle Settings to finish the process.

Report this User

Report this user for behavior that violates our Community Guidelines.

Details: